000 00833cam a22002651 4500
001 12604
003 BD-RjUL
005 20211208235326.0
008 140129s1970 ii a b 001 0 eng
035 _a(BD-RjUL)12653
040 _aDLC
_cDLC
_dDLC
_dBD-RjUL
_beng
041 _aeng
082 0 0 _a591.5
_bBUA 1970
100 1 _aBurnett, Allison L.
_939262
245 1 0 _aAnimal adaptation /
_cby Allison L. Burnett and Thomas Eisner.
260 _aIndia ;
_aNew York :
_bHolt, Rinehart and Winston,
_c1970.
300 _avii, 136 p. :
_bill. ;
_c23 cm.
490 0 _aModern biology series
504 _aIncludes bibliographical references and index.
650 0 _aAdaptation (Biology)
_938646
700 1 _aEisner, Thomas.
_d1929-2011,
_ejoint author.
_939263
942 _2ddc
_cBK
999 _c12604
_d12604